Central Library OPAC University of Rajshahi

Radio telemetry / (Record no. 73530)

MARC details
000 -LEADER
fixed length control field 00726nam a2200253 a 4500
001 - CONTROL NUMBER
control field 73530
003 - CONTROL NUMBER IDENTIFIER
rucl marc code BD-RjUL
005 - DATE AND TIME OF LATEST TRANSACTION
control field 20211209082416.0
008 - FIXED-LENGTH DATA ELEMENTS--GENERAL INFORMATION
fixed length control field 170603r19571956xx a 001 0 eng u
035 ## - SYSTEM CONTROL NUMBER
System control number (BD-RjUL)73748
040 ## - CATALOGING SOURCE
Transcribing agency SMI
Modifying agency EQO
Original cataloging agency BD-RjUL
Language of cataloging eng
041 ## - LANGUAGE CODE
Language code of text/sound track or separate title eng
082 ## - DEWEY DECIMAL CLASSIFICATION NUMBER
Classification number 621.384
Edition number 23
Author mark and year NIR 1957
100 1# - MAIN ENTRY--PERSONAL NAME
Personal name Nichols, Myron Hiram,
Dates associated with a name 1915-
9 (RLIN) 217557
245 10 - TITLE STATEMENT
Title Radio telemetry /
Statement of responsibility, etc. Myron H. Nichols and Lawrence I. Rauch.
250 ## - EDITION STATEMENT
Edition statement 2d ed.
260 ## - PUBLICATION, DISTRIBUTION, ETC. (IMPRINT)
Place of publication, distribution, etc. New York :
Name of publisher, distributor, etc. J. Wiley,
Date of publication, distribution, etc. c1956, [ second printing 1957]
300 ## - PHYSICAL DESCRIPTION
Pagination 461 p. :
Illustrations ill. ;
Size 24 cm.
650 #0 - SUBJECT ADDED ENTRY--TOPICAL TERM
Topical term or geographic name as entry element Radio
9 (RLIN) 217558
Topical term or geographic name as entry element Aeronautics
9 (RLIN) 217559
Topical term or geographic name as entry element Telemeter
9 (RLIN) 43257
700 1# - ADDED ENTRY--PERSONAL NAME
Personal name Rauch, L. L.
942 ## - ADDED ENTRY ELEMENTS (KOHA)
Source of classification or shelving scheme Dewey Decimal Classification
Koha item type Books
Holdings
Lost status Source of classification or shelving scheme Damaged status Not for loan Collection code Permanent Location Current Location Shelving location Date acquired Source of acquisition Cost, normal purchase price Total Checkouts Full call number Date last seen Copy number Koha item type
  Dewey Decimal Classification   Not For Loan Non-fiction Central Library, University of Rajshahi Central Library, University of Rajshahi Reading Room 22/09/1958 John Wiley 10.80   621.384 NIR 1957 03/06/2017 C-1 Books
  Dewey Decimal Classification     Non-fiction Central Library, University of Rajshahi Central Library, University of Rajshahi   22/09/1958 John Wiley 10.80   621.384 NIR 1957 03/06/2017 C-2 Books